000 00584nam a2200181Ia 4500
008 090124s9999 xx 000 0 und d
082 _b40010
100 _aजावडेकर सुबोध
245 _a हसरं विज्ञान
250 _a0
260 _bमॅञेस्टिक बुक स्टॉल
_c2000
300 _a39
600 _aजावडेकर सुबोध
630 _a हसरं विज्ञान
700 _aजावडेकर सुबोध
730 _a हसरं विज्ञान
942 _cBOOK
999 _c103240
_d103240